000 00410nam a2200145Ia 4500
005 20260328104246.0
008 260328s9999||||xx |||||||||||||| ||und||
100 _aConsuegra, Juan Guillermo
245 0 _aPresupuestos de Construcción /
_cJuan Guillermo Consuegra
250 _a1a ed.
260 _bBiblioteca de la Construccion
300 _a257 p.
650 _aCONSTRUCCIÓN - PLANEAMIENTO
942 _cBK
999 _c10082
_d10082